000 00241nam a2200097Ia 4500
001 780190
005 20250826170120.0
008 250824s9999 xx 000 0 und d
245 0 _aHALİME KAPTAN
_cRIFAT ILGAZ
260 _bİŞ BANKASI YAYINLARI
999 _c780190
_d780190